[Event "Mistrzostwa Polski Juniorow w Szachach Szybkich Grupa D16"]
[Site "Hala Widowiskowo-Sportowa Spodek w Katowicach, Aleja Wojciecha Korfantego 35"]
[Date "1899-12-30"]
[Round "5.4"]
[White "Marczuk, Anna"]
[Black "Dwilewicz, Katarzyna"]
[Result "0-1"]
[WhiteTitle "k"]
[BlackTitle "I++"]
[WhiteElo "1874"]
[BlackElo "1724"]

1. f4 d5 2. Nf3 Nf6 3. g3 c5 4. Bg2 Nc6 5. d3 Bf5 6. O-O e6 7. e3 Qb6 8. Re1 Rd8
9. h3 Bg6 10. Nbd2 Be7 11. a3 O-O 12. Qe2 Rfe8 13. Kh2 Bf8 14. e4 Qc7 15. e5 Nd7
16. c3 Nb6 17. Nf1 Na5 18. Be3 Nb3 19. Rad1 Qd7 20. N1d2 Qa4 21. Nxb3 Qxb3 22.
Nh4 Na4 23. Nxg6 hxg6 24. Bc1 Rd7 25. h4 Rc8 26. h5 gxh5 27. Rd2 g6 28. g4 hxg4
29. Qxg4 Be7 30. Rf2 Kg7 31. Bh3 Rh8 32. Rg1 Rh4 33. Qg2 Rd8 34. f5 exf5 35. Rxf5
d4 36. e6 Qxe6 37. Rf3 Bd6+ 38. Bf4 Rxh3+ 39. Rxh3 Bxf4+ 40. Kh1 b6 41. Qg4 Qxg4
42. Rxg4 g5 43. Rf3 f5 44. Rg2 Kf6 45. c4 Rh8+ 46. Kg1 Be3+ 47. Kf1 Rh1+ 48. Ke2
Nxb2 49. Rxe3 dxe3 50. Kxe3 Nd1+ 51. Kd2 f4 52. Ke2 Ne3 53. Rf2 Kf5 54. d4 cxd4
55. Kd3 Rd1+ 56. Ke2 d3+ 0-1

[Event "Mistrzostwa Polski Juniorow w Szachach Szybkich Grupa D16"]
[Site "Hala Widowiskowo-Sportowa Spodek w Katowicach, Aleja Wojciecha Korfantego 35"]
[Date "1899-12-30"]
[Round "5.5"]
[White "Stebel, Agata"]
[Black "Glapa, Anna"]
[Result "1/2-1/2"]
[WhiteTitle "k"]
[BlackTitle "I++"]
[WhiteElo "1731"]
[BlackElo "1685"]

1. e4 c5 2. d4 cxd4 3. c3 dxc3 4. Nxc3 Nc6 5. Nf3 d6 6. Bc4 e6 7. O-O Be7 8. Qe2
Nf6 9. Rd1 Qc7 10. Nb5 Qb8 11. Bf4 Ne5 12. Rac1 O-O 13. Bb3 Nxf3+ 14. Qxf3 e5
15. h3 exf4 16. Nc7 Bd7 17. Nxa8 Qxa8 18. Qxf4 Bc6 19. f3 h6 20. Rc2 a5 21. Rcd2
Nh5 22. Qg4 Nf6 23. Qg3 Nd7 24. Bd5 Ne5 25. f4 Nd7 26. e5 Bxd5 27. exd6 Bxd6 28.
Rxd5 Bc5+ 29. Kh1 Nf6 30. Rxc5 Ne4 31. Qe3 Nxc5 32. Qxc5 Qa6 33. Qe7 Qb6 34. Qe2
Qb4 35. Qf2 Qa4 36. b3 Qb4 37. Rd7 Re8 38. Qd2 Qe4 39. Rd8 Rxd8 40. Qxd8+ Kh7
41. Qxa5 Qxf4 42. Qe1 Qf5 43. Qe2 Qb1+ 44. Kh2 Qf5 45. Qd2 Qe5+ 46. Kh1 Qa1+ 47.
Kh2 Qe5+ 48. Kg1 Qa1+ 49. Kf2 Qf6+ 50. Kg1 Qa1+ 51. Kh2 Qe5+ 52. g3 Qe4 53. Qf2
Kg8 54. Qd2 1/2-1/2

[Event "Mistrzostwa Polski Juniorow w Szachach Szybkich Grupa D16"]
[Site "Hala Widowiskowo-Sportowa Spodek w Katowicach, Aleja Wojciecha Korfantego 35"]
[Date "1899-12-30"]
[Round "6.1"]
[White "Dwilewicz, Katarzyna"]
[Black "Cieslak, Wiktoria"]
[Result "1-0"]
[WhiteTitle "I++"]
[BlackTitle "k"]
[WhiteElo "1724"]
[BlackElo "1693"]

1. e4 c5 2. Nf3 d6 3. d4 Nf6 4. Bb5+ Bd7 5. Bxd7+ Qxd7 6. dxc5 Nxe4 7. cxd6 Nc6
8. O-O O-O-O 9. Qe2 Nxd6 10. Nc3 Kb8 11. Bf4 Ka8 12. Rad1 Qf5 13. Bg3 g5 14. Rd5
Qf6 15. Nxg5 e6 16. Nge4 Qg6 17. Rdd1 Nxe4 18. Rxd8+ Nxd8 19. Qxe4 Qxe4 20. Nxe4
Bg7 21. c3 f5 22. Nd6 h5 23. h3 Nc6 24. Re1 Rh6 25. Nxf5 Rg6 26. Nxg7 Rxg7 27.
Rxe6 a5 28. Bd6 Rg5 29. b4 axb4 30. cxb4 Rd5 31. Bc5 Kb8 32. a3 Rd3 33. b5 Nd8
34. Rd6 Rxd6 35. Bxd6+ Kc8 36. Kh2 Kd7 37. Bb4 Ne6 38. Kg3 Nd4 39. a4 Nc2 40.
Bc3 Na3 41. Kh4 Nc4 42. Kxh5 Nb6 43. a5 Nd5 44. Bd2 Kd6 45. g4 Nf6+ 46. Kg6 Ne4
47. Be3 Nc3 48. b6 Nd5 49. h4 Ne7+ 50. Kf7 Nc6 51. Bf4+ Kd5 52. h5 Nxa5 53. h6
Ke4 54. Bc7 Kf3 55. h7 Kxg4 56. h8=Q Nc6 57. Qg7+ Kf3 58. Qf6+ Ke4 59. Qxc6+ bxc6
60. b7 c5 61. b8=Q c4 62. Qb4 Kd3 63. Be5 Ke2 64. Qxc4+ Kxf2 65. Bb8 Kf3 66. Kf6
Ke3 67. Ke5 Kf3 68. Qe4+ Kg3 69. Kf5+ Kh3 70. Qg4# 1-0

[Event "Mistrzostwa Polski Juniorow w Szachach Szybkich Grupa D16"]
[Site "Hala Widowiskowo-Sportowa Spodek w Katowicach, Aleja Wojciecha Korfantego 35"]
[Date "1899-12-30"]
[Round "6.2"]
[White "Posuniak, Weronika"]
[Black "Parol, Pola"]
[Result "1/2-1/2"]
[WhiteTitle "I++"]
[BlackTitle "I++"]
[WhiteElo "1642"]
[BlackElo "1718"]

1. d4 c5 2. dxc5 Qa5+ 3. c3 Qxc5 4. Nf3 Nf6 5. Be3 Qc7 6. g3 Nc6 7. Bg2 g6 8. Na3
a6 9. Qa4 d6 10. Nb5 Qb8 11. Nbd4 Bd7 12. Qb3 Bg7 13. Nd2 O-O 14. O-O Ng4 15.
Nxc6 Bxc6 16. Bb6 Ne5 17. Bd4 Bxg2 18. Kxg2 Qc7 19. f3 b5 20. Rac1 Rfc8 21. Rfd1
Nc4 22. Nxc4 bxc4 23. Qa4 Qc6 24. Qxc6 Rxc6 25. b3 cxb3 26. axb3 Rb8 27. Bxg7
Kxg7 28. b4 Rbc8 29. Rd3 Rc4 30. Ra1 R8c6 31. Ra3 Kf6 32. Kf2 Ke6 33. Ke3 Kd7
34. Kd2 Kc7 35. Rd4 Rxd4+ 36. cxd4 Rc4 37. Rc3 Rxc3 38. Kxc3 d5 39. e4 e6 40.
exd5 exd5 41. Kb3 Kc6 42. Ka4 Kb6 43. h3 h6 44. h4 g5 45. h5 f5 46. g4 f4 47.
Ka3 Kb5 48. Kb3 a5 49. bxa5 Kxa5 50. Ka3 1/2-1/2

[Event "Mistrzostwa Polski Juniorow w Szachach Szybkich Grupa D16"]
[Site "Hala Widowiskowo-Sportowa Spodek w Katowicach, Aleja Wojciecha Korfantego 35"]
[Date "1899-12-30"]
[Round "6.3"]
[White "Topolan, Agata"]
[Black "Kubicka, Anna"]
[Result "0-1"]
[WhiteTitle "I++"]
[BlackTitle "m"]
[WhiteElo "1695"]
[BlackElo "1886"]

1. c4 Nf6 2. Nc3 d6 3. g3 e5 4. Bg2 Nbd7 5. e3 Be7 6. Nge2 c6 7. d4 Qc7 8. O-O
O-O 9. Qc2 Rb8 10. a4 a5 11. f4 exd4 12. Nxd4 Nc5 13. b3 Na6 14. Ba3 Bd7 15. Ne4
Nb4 16. Bxb4 axb4 17. Rad1 Rfc8 18. Nxf6+ Bxf6 19. c5 d5 20. e4 Bg4 21. Rd2 dxe4
22. Bxe4 h6 23. Qc4 Re8 24. Nf5 Bc3 25. Rd6 Rbd8 26. Rxd8 Rxd8 27. Nd6 Be6 28.
Qe2 Bxb3 29. Bc2 Bd4+ 30. Kg2 Bd5+ 31. Be4 Bxc5 32. Bxd5 Qxd6 33. Bf3 Qd2 34.
Kh3 Qxe2 35. Bxe2 Rd2 36. Bc4 Rc2 37. Bb3 Rc3 38. Rb1 Be7 39. Bd1 c5 40. Rb2 Rd3
41. Bb3 Kf8 42. Bc4 Rc3 43. Bb5 c4 44. Kg4 Rc1 45. Kf5 c3 46. Rb3 Rd1 47. Be2
c2 0-1

[Event "Mistrzostwa Polski Juniorow w Szachach Szybkich Grupa D16"]
[Site "Hala Widowiskowo-Sportowa Spodek w Katowicach, Aleja Wojciecha Korfantego 35"]
[Date "1899-12-30"]
[Round "6.4"]
[White "Antolak, Julia"]
[Black "Kozubal, Aleksandra"]
[Result "1-0"]
[WhiteTitle "k+"]
[BlackTitle "I++"]
[WhiteElo "1884"]
[BlackElo "1633"]

1. e4 c5 2. Nf3 Nc6 3. d4 cxd4 4. Nxd4 e6 5. Nc3 a6 6. Be3 Nf6 7. Be2 Bb4 8. Nxc6
bxc6 9. O-O O-O 10. e5 Bxc3 11. bxc3 Nd5 12. Bd2 Qc7 13. c4 Ne7 14. f4 f5 15.
Kh1 Bb7 16. Be3 Nc8 17. Bc5 Rd8 18. Rb1 Rb8 19. Rf3 Qa5 20. Bb4 Qc7 21. Ra3 d5
22. Ba5 Qe7 23. Bxd8 Qxa3 24. Bc7 Ra8 25. Rxb7 Qe3 26. Rb3 Qxf4 27. cxd5 cxd5
28. h3 Qa4 29. Qb1 Qc6 30. Ba5 Qc5 31. Bb4 Qf2 32. Bf3 h6 33. c4 Kh7 34. cxd5
exd5 35. Qxf5+ 1-0

[Event "Mistrzostwa Polski Juniorow w Szachach Szybkich Grupa D16"]
[Site "Hala Widowiskowo-Sportowa Spodek w Katowicach, Aleja Wojciecha Korfantego 35"]
[Date "1899-12-30"]
[Round "6.5"]
[White "Murawko, Julia"]
[Black "Stebel, Agata"]
[Result "1/2-1/2"]
[WhiteTitle "I++"]
[BlackTitle "k"]
[WhiteElo "1642"]
[BlackElo "1731"]

1. e4 d6 2. d4 Nf6 3. Nc3 g6 4. f3 c6 5. a4 Nbd7 6. Be3 Bg7 7. Qd2 O-O 8. Nge2
e5 9. g4 Qa5 10. Ng3 exd4 11. Bxd4 Ne5 12. Be2 c5 13. Be3 Qb6 14. Rb1 Be6 15.
Nd5 Nxd5 16. exd5 Bd7 17. O-O Bxa4 18. f4 Nd7 19. b3 Bb5 20. c4 Ba6 21. f5 Qd8
22. Bg5 f6 23. Bh6 Ne5 24. Bxg7 Kxg7 25. Ne4 g5 26. Qe3 b6 27. Rf2 Bc8 28. h4
h6 29. Rh2 Bd7 30. Nxd6 Qe7 31. Ne4 Rae8 32. hxg5 hxg5 33. d6 Qd8 34. Kf2 Rh8
35. Rbh1 Rxh2+ 36. Rxh2 Rh8 37. Qg3 Rxh2+ 38. Qxh2 Bc6 39. Nxg5 Nxg4+ 40. Bxg4
fxg5 41. Qe5+ Qf6 42. Qe6 Qd4+ 43. Kf1 Qa1+ 44. Kf2 Qb2+ 45. Be2 Qd4+ 46. Kf1
Qa1+ 47. Kf2 Qd4+ 48. Kf1 Qa1+ 49. Kf2 Qd4+ 1/2-1/2

[Event "Mistrzostwa Polski Juniorow w Szachach Szybkich Grupa D16"]
[Site "Hala Widowiskowo-Sportowa Spodek w Katowicach, Aleja Wojciecha Korfantego 35"]
[Date "1899-12-30"]
[Round "7.1"]
[White "Parol, Pola"]
[Black "Dwilewicz, Katarzyna"]
[Result "1-0"]
[WhiteTitle "I++"]
[BlackTitle "I++"]
[WhiteElo "1718"]
[BlackElo "1724"]

1. e4 c5 2. Nf3 e6 3. d4 cxd4 4. Nxd4 Nf6 5. Nc3 Nc6 6. Nxc6 bxc6 7. e5 Nd5 8.
Ne4 Qc7 9. f4 Qb6 10. c4 Bb4+ 11. Ke2 Ba6 12. Kf3 f5 13. exf6 Nxf6 14. Be3 Qa5
15. Nxf6+ gxf6 16. Bd3 Bb7 17. a3 Be7 18. Kf2 d5 19. Qh5+ Kd7 20. b4 Qc7 21. cxd5
cxd5 22. Rac1 Qd6 23. f5 d4 24. Bb5+ Kd8 25. Rhd1 dxe3+ 26. Kg1 Bd5 27. fxe6 f5
28. Qxf5 Rf8 29. Qxd5 e2 30. Qxa8# 1-0

[Event "Mistrzostwa Polski Juniorow w Szachach Szybkich Grupa D16"]
[Site "Hala Widowiskowo-Sportowa Spodek w Katowicach, Aleja Wojciecha Korfantego 35"]
[Date "1899-12-30"]
[Round "7.2"]
[White "Cieslak, Wiktoria"]
[Black "Glapa, Anna"]
[Result "1-0"]
[WhiteTitle "k"]
[BlackTitle "I++"]
[WhiteElo "1693"]
[BlackElo "1685"]

1. e4 c5 2. Nf3 Nc6 3. d4 cxd4 4. Nxd4 Nf6 5. Nc3 d6 6. Bg5 e6 7. Qd2 a6 8. f3
Bd7 9. O-O-O b5 10. Nxc6 Bxc6 11. Bd3 Qa5 12. Kb1 b4 13. Ne2 Qb6 14. Bxf6 gxf6
15. Qf4 Ke7 16. Bc4 Bb7 17. Ng3 h5 18. Ne2 Bh6 19. Qg3 Rag8 20. Qh3 Qc5 21. Bb3
Qf2 22. Nd4 Be3 23. Nxe6 Bc8 24. Rhf1 Qxg2 25. Qxg2 Rxg2 26. Nc7 Be6 27. Nxa6
Rxh2 28. Nxb4 Bc5 29. Nd3 Bxb3 30. axb3 Be3 31. Nb4 Bc5 32. Nd5+ Ke6 33. b4 Ba7
34. Rh1 Rf2 35. Rdf1 Rd2 36. Kc1 Rf2 37. Rxf2 Bxf2 38. Kd2 f5 39. Nf4+ Kf6 40.
Nxh5+ Kg5 41. f4+ Kg4 42. Nf6+ Kf3 43. Rxh8 Be3+ 44. Kd3 fxe4+ 45. Nxe4 Bxf4 46.
Rf8 d5 47. Nf6 1-0

[Event "Mistrzostwa Polski Juniorow w Szachach Szybkich Grupa D16"]
[Site "Hala Widowiskowo-Sportowa Spodek w Katowicach, Aleja Wojciecha Korfantego 35"]
[Date "1899-12-30"]
[Round "7.3"]
[White "Kubicka, Anna"]
[Black "Antolak, Julia"]
[Result "1/2-1/2"]
[WhiteTitle "m"]
[BlackTitle "k+"]
[WhiteElo "1886"]
[BlackElo "1884"]

1. e4 c5 2. Nf3 e6 3. d4 cxd4 4. Nxd4 Nf6 5. Nc3 d6 6. Be3 a6 7. f3 b5 8. Qd2 b4
9. Nce2 e5 10. Nf5 g6 11. Nh6 Nc6 12. g4 Be6 13. h4 d5 14. g5 Bxh6 15. gxh6 dxe4
16. Qxd8+ Nxd8 17. Bg5 Nd7 18. fxe4 f6 19. Be3 Rc8 20. c3 a5 1/2-1/2

[Event "Mistrzostwa Polski Juniorow w Szachach Szybkich Grupa D16"]
[Site "Hala Widowiskowo-Sportowa Spodek w Katowicach, Aleja Wojciecha Korfantego 35"]
[Date "1899-12-30"]
[Round "7.4"]
[White "Stebel, Agata"]
[Black "Posuniak, Weronika"]
[Result "1/2-1/2"]
[WhiteTitle "k"]
[BlackTitle "I++"]
[WhiteElo "1731"]
[BlackElo "1642"]

1. e4 c6 2. d4 d5 3. Nc3 dxe4 4. Nxe4 Bf5 5. Ng3 Bg6 6. f4 e6 7. Nf3 Nd7 8. Be3
Ngf6 9. Qd2 Qc7 10. O-O-O O-O-O 11. Bd3 Bxd3 12. Qxd3 Bd6 13. Ne2 Nd5 14. g3 N7f6
15. Nc3 Qa5 16. Kb1 Nb4 17. Qc4 Nbd5 18. Nxd5 exd5 19. Qd3 Ne4 20. Ne5 Rhf8 21.
Rhe1 f6 22. Nf3 Rde8 23. Nd2 Bb4 24. Nb3 Qc7 25. c3 Bd6 26. c4 dxc4 27. Qxc4 Kb8
28. d5 f5 29. Bd4 g6 30. Rc1 Rc8 31. Qa4 b5 32. Qa6 Qb7 33. Qxb7+ Kxb7 34. Na5+
Ka6 35. Nxc6 Rf7 36. Red1 Rfc7 37. b3 Ba3 38. Bb2 Bd6 39. a3 Nc5 40. b4 Ne4 41.
Ka2 Nf2 42. Rd2 Ne4 43. Rdc2 h6 44. Be5 g5 45. Kb3 gxf4 46. gxf4 Kb7 47. Rg1 Rd7
48. Bxd6 Rxd6 49. Rg7+ Kb6 50. Nxa7 Rxc2 51. Kxc2 Rd8 52. Nc6 Rxd5 53. Ne7 Rd2+
54. Kb3 Rxh2 55. Rg6+ Kb7 56. Nxf5 h5 57. Rh6 Rh3+ 58. Kb2 Rh2+ 59. Kb3 Rh3+ 60.
Kc2 Rxa3 61. Rxh5 Rf3 62. Rh4 Nf6 63. Nd4 Rf2+ 64. Kc3 Nd5+ 65. Kd3 Rxf4 66. Rxf4
Nxf4+ 67. Ke4 Ng6 68. Nxb5 Kb6 69. Nc3 Ne7 70. b5 Nc8 71. Kd4 Na7 72. Nd5+ Kxb5
1/2-1/2

[Event "Mistrzostwa Polski Juniorow w Szachach Szybkich Grupa D16"]
[Site "Hala Widowiskowo-Sportowa Spodek w Katowicach, Aleja Wojciecha Korfantego 35"]
[Date "1899-12-30"]
[Round "7.5"]
[White "Murawko, Julia"]
[Black "Dmochowska, Agnieszka"]
[Result "1-0"]
[WhiteTitle "I++"]
[BlackTitle "WCM"]
[WhiteElo "1642"]
[BlackElo "1964"]

1. e4 c5 2. Nf3 d6 3. d4 cxd4 4. Nxd4 Nf6 5. Nc3 Nc6 6. Be3 e5 7. Nb3 Be7 8. Be2
O-O 9. O-O a5 10. f3 Be6 11. Nd5 a4 12. Nc1 Bxd5 13. exd5 Nb4 14. c4 Qd7 15. Nd3
Nxd3 16. Bxd3 Ne8 17. f4 exf4 18. Bxf4 Bf6 19. Rb1 Nc7 20. Qf3 Rfd8 21. Be3 b5
22. Qe4 bxc4 23. Qxh7+ Kf8 24. Bf5 Qb5 25. Rbe1 Re8 26. Bf4 Qc5+ 27. Kh1 Rxe1
28. Rxe1 g6 29. Bh6+ 1-0

[Event "Mistrzostwa Polski Juniorow w Szachach Szybkich Grupa D16"]
[Site "Hala Widowiskowo-Sportowa Spodek w Katowicach, Aleja Wojciecha Korfantego 35"]
[Date "1899-12-30"]
[Round "8.1"]
[White "Parol, Pola"]
[Black "Cieslak, Wiktoria"]
[Result "1-0"]
[WhiteTitle "I++"]
[BlackTitle "k"]
[WhiteElo "1718"]
[BlackElo "1693"]

1. d4 Nf6 2. c4 e6 3. Nc3 Bb4 4. Nf3 b6 5. Bg5 Bb7 6. e3 O-O 7. Bd3 d6 8. O-O Bxc3
9. bxc3 h6 10. Bh4 Nbd7 11. Qe2 c5 12. e4 Qc7 13. d5 e5 14. a4 Nh5 15. Nd2 Nf4
16. Qe3 Nf6 17. Bxf6 gxf6 18. g3 Ng6 19. Qxh6 Qd7 20. Kh1 Qg4 21. f4 Bc8 22. f5
Ne7 23. Qxf6 Re8 24. Nf3 Kf8 25. Ng5 Qh5 26. Be2 Ng8 27. Qxd6+ 1-0

[Event "Mistrzostwa Polski Juniorow w Szachach Szybkich Grupa D16"]
[Site "Hala Widowiskowo-Sportowa Spodek w Katowicach, Aleja Wojciecha Korfantego 35"]
[Date "1899-12-30"]
[Round "8.2"]
[White "Dwilewicz, Katarzyna"]
[Black "Kubicka, Anna"]
[Result "0-1"]
[WhiteTitle "I++"]
[BlackTitle "m"]
[WhiteElo "1724"]
[BlackElo "1886"]

1. e4 d6 2. d4 Nf6 3. Nc3 Nbd7 4. Nge2 e5 5. g3 Be7 6. Bg2 c6 7. a4 O-O 8. O-O
Re8 9. h3 Bf8 10. Re1 b6 11. g4 g6 12. Be3 Bb7 13. Ng3 exd4 14. Qxd4 Nc5 15. Rad1
Ne6 16. Qd2 Qc7 17. f4 Rad8 18. Qf2 d5 19. f5 Nc5 20. fxg6 hxg6 21. Qxf6 Bg7 22.
Qf2 d4 23. Bg5 dxc3 24. Bxd8 Rxd8 25. b3 Ne6 26. Kh2 Bd4 27. Qf3 c5 28. Rf1 Re8
29. h4 Be5 30. Rd3 Nd4 31. Qf2 Ba6 32. Rfd1 Bxd3 33. Rxd3 Kg7 34. Kh3 Rh8 35.
g5 Qc8+ 36. Kh2 Rxh4+ 37. Kg1 Qg4 38. Kf1 Qxg5 39. Rxc3 Rf4 40. Bf3 Nxf3 41. Rxf3
Rxf3 0-1

[Event "Mistrzostwa Polski Juniorow w Szachach Szybkich Grupa D16"]
[Site "Hala Widowiskowo-Sportowa Spodek w Katowicach, Aleja Wojciecha Korfantego 35"]
[Date "1899-12-30"]
[Round "8.3"]
[White "Antolak, Julia"]
[Black "Posuniak, Weronika"]
[Result "1-0"]
[WhiteTitle "k+"]
[BlackTitle "I++"]
[WhiteElo "1884"]
[BlackElo "1642"]

1. e4 d5 2. exd5 Nf6 3. d4 Nxd5 4. c4 Nb6 5. Nf3 g6 6. c5 Nd5 7. Bc4 c6 8. Nc3
Bg7 9. O-O O-O 10. Re1 Bg4 11. Bg5 Nf6 12. Be2 Nbd7 13. h3 Bxf3 14. Bxf3 Re8 15.
Bf4 Rc8 16. Qa4 Nf8 17. Rad1 a6 18. Qb3 Ne6 19. Be5 Qd7 20. Be2 Nd5 21. Bc4 Rcd8
22. Bxg7 Kxg7 23. Bxd5 cxd5 24. Na4 Qc6 25. Nb6 Nc7 26. Qg3 f6 27. b4 Ne6 28.
a4 Nf8 29. Rb1 f5 30. Qe5+ Qf6 31. Qc7 Rb8 32. Nxd5 Qf7 33. Qe5+ Kh6 34. Qe3+
Kg7 35. Qe5+ Kh6 36. Nc3 Nd7 37. Qf4+ Kg7 38. d5 Nf6 39. Qe5 Rbd8 40. Rbd1 Kg8
41. b5 axb5 42. axb5 Rc8 43. c6 bxc6 44. dxc6 e6 45. Na4 Ne4 46. Nc5 Nxc5 47.
Qxc5 Red8 48. Rxd8+ Rxd8 49. b6 f4 50. c7 Rc8 51. Rc1 f3 52. b7 1-0

[Event "Mistrzostwa Polski Juniorow w Szachach Szybkich Grupa D16"]
[Site "Hala Widowiskowo-Sportowa Spodek w Katowicach, Aleja Wojciecha Korfantego 35"]
[Date "1899-12-30"]
[Round "8.4"]
[White "Olechnicka, Karolina"]
[Black "Murawko, Julia"]
[Result "1-0"]
[WhiteTitle "k++"]
[BlackTitle "I++"]
[WhiteElo "1750"]
[BlackElo "1642"]

1. e4 d5 2. exd5 Qxd5 3. Nc3 Qa5 4. d4 c6 5. Bc4 Bf5 6. Bd2 Qc7 7. Nge2 Nf6 8.
Bf4 Qd8 9. f3 e6 10. Qd2 Bd6 11. O-O-O Bxf4 12. Nxf4 Nbd7 13. g4 Bg6 14. h4 Nb6
15. Bb3 h6 16. Nxg6 fxg6 17. Bxe6 Qd6 18. Rhe1 Kd8 19. Bf7 Nbd5 20. Nxd5 Nxd5
21. Re5 Kc7 22. c4 Nf6 23. c5 Qd7 24. Qf4 Kd8 25. Bxg6 Nd5 26. Qe4 Nf6 27. Qe1
Kc7 28. Re7 1-0

[Event "Mistrzostwa Polski Juniorow w Szachach Szybkich Grupa D16"]
[Site "Hala Widowiskowo-Sportowa Spodek w Katowicach, Aleja Wojciecha Korfantego 35"]
[Date "1899-12-30"]
[Round "8.5"]
[White "Kozubal, Aleksandra"]
[Black "Stebel, Agata"]
[Result "1-0"]
[WhiteTitle "I++"]
[BlackTitle "k"]
[WhiteElo "1633"]
[BlackElo "1731"]

1. d4 Nf6 2. c4 g6 3. Nc3 d5 4. cxd5 Nxd5 5. e4 Nxc3 6. bxc3 Bg7 7. Bc4 O-O 8.
Ne2 c5 9. O-O cxd4 10. cxd4 Nc6 11. Be3 Na5 12. Rc1 b6 13. Bd3 Bb7 14. f3 Qd7
15. Qd2 Rfd8 16. Rfd1 Rac8 17. Kh1 Bc6 18. Bc2 Nc4 19. Qc3 Nxe3 20. Qxe3 Bb5 21.
e5 Bc4 22. Bb3 Bxe2 23. Qxe2 Rxc1 24. Rxc1 Qxd4 25. Rd1 Bxe5 26. Rxd4 Bxd4 27.
Qxe7 Rf8 28. Qxa7 Bc5 29. g3 Bd4 30. a4 Be5 31. f4 Bd4 32. a5 bxa5 33. Qxd4 Rb8
34. Qd5 Rf8 35. Qxa5 Re8 36. Qc7 Rf8 37. g4 1-0

[Event "Mistrzostwa Polski Juniorow w Szachach Szybkich Grupa D16"]
[Site "Hala Widowiskowo-Sportowa Spodek w Katowicach, Aleja Wojciecha Korfantego 35"]
[Date "1899-12-30"]
[Round "9.1"]
[White "Kubicka, Anna"]
[Black "Parol, Pola"]
[Result "1-0"]
[WhiteTitle "m"]
[BlackTitle "I++"]
[WhiteElo "1886"]
[BlackElo "1718"]

1. e4 d6 2. d4 Nf6 3. Nc3 g6 4. f4 Bg7 5. Nf3 O-O 6. Bc4 Nxe4 7. Bxf7+ Rxf7 8.
Nxe4 Bg4 9. Neg5 Rf8 10. h3 Bd7 11. c3 e5 12. Qb3+ Kh8 13. Nf7+ Rxf7 14. Qxf7
exf4 15. Bxf4 Nc6 16. O-O Bf5 17. Bg5 Qd7 18. Qxd7 Bxd7 19. Rae1 h6 20. Bd2 g5
21. Nh2 Kg8 22. Rf3 Rf8 23. Rxf8+ Kxf8 24. Nf1 Kf7 25. Ne3 Ne7 26. b3 Be6 27.
Bc1 c6 28. Ba3 Nc8 29. Rf1+ Kg6 30. g4 Bf6 31. Nf5 Bxf5 32. Rxf5 d5 33. Rf1 Kf7
34. Kg2 Kg7 35. Bf8+ Kxf8 36. Rxf6+ Kg7 37. Re6 Kf7 38. Rxh6 Ne7 39. Rh7+ Kf6
40. Rxe7 Kxe7 41. h4 Kf6 42. hxg5+ Kxg5 43. Kg3 b6 44. b4 a5 45. bxa5 bxa5 46.
a4 Kg6 47. Kf4 Kf6 48. g5+ Kg6 49. Kg4 Kg7 50. Kf5 Kf7 51. g6+ Kg7 52. Kg5 Kg8
53. Kf6 Kf8 54. Ke6 Kg7 55. Kd6 Kxg6 56. Kxc6 Kf5 57. Kxd5 1-0

[Event "Mistrzostwa Polski Juniorow w Szachach Szybkich Grupa D16"]
[Site "Hala Widowiskowo-Sportowa Spodek w Katowicach, Aleja Wojciecha Korfantego 35"]
[Date "1899-12-30"]
[Round "9.2"]
[White "Cieslak, Wiktoria"]
[Black "Antolak, Julia"]
[Result "1/2-1/2"]
[WhiteTitle "k"]
[BlackTitle "k+"]
[WhiteElo "1693"]
[BlackElo "1884"]

1. e4 c5 2. Nf3 e6 3. d4 cxd4 4. Nxd4 Nf6 5. Nc3 d6 6. Bg5 Be7 7. f4 h6 8. Bh4
a6 9. e5 dxe5 10. fxe5 Nfd7 11. Bxe7 Qxe7 12. Qe2 Qh4+ 13. Qf2 Qxf2+ 14. Kxf2
Nxe5 15. Re1 Nbc6 16. Nxc6 Nxc6 17. Nd5 O-O 18. Nb6 Rb8 19. Bc4 e5 20. Rhf1 Bf5
21. c3 Rbd8 22. Kg1 Bd3 23. Rf2 Bxc4 24. Nxc4 f6 25. Rfe2 b5 26. Ne3 g6 27. Ng4
Kg7 28. Nf2 f5 29. g4 e4 30. gxf5 gxf5 31. Nh3 Ne5 32. Kg2 Nd3 33. Rf1 Rde8 34.
Nf4 Nxf4+ 35. Rxf4 Rd8 36. Kf2 Kf6 37. Rexe4 Rd2+ 38. Re2 Rxe2+ 39. Kxe2 Ke5 40.
Rh4 Rf6 41. Kf3 Rd6 42. Ke3 Rg6 43. Ke4+ 1/2-1/2

[Event "Mistrzostwa Polski Juniorow w Szachach Szybkich Grupa D16"]
[Site "Hala Widowiskowo-Sportowa Spodek w Katowicach, Aleja Wojciecha Korfantego 35"]
[Date "1899-12-30"]
[Round "9.3"]
[White "Karleszko, Karolina"]
[Black "Olechnicka, Karolina"]
[Result "0-1"]
[WhiteTitle "I+"]
[BlackTitle "k++"]
[WhiteElo "1614"]
[BlackElo "1750"]

1. d4 Nf6 2. Nf3 c5 3. c3 cxd4 4. cxd4 Nc6 5. Nc3 d5 6. a3 Bf5 7. Qb3 Na5 8. Qa4+
Bd7 9. Qc2 Rc8 10. Bf4 Qb6 11. e3 Ne4 12. Qd3 Qxb2 13. Rd1 Nxc3 0-1

[Event "Mistrzostwa Polski Juniorow w Szachach Szybkich Grupa D16"]
[Site "Hala Widowiskowo-Sportowa Spodek w Katowicach, Aleja Wojciecha Korfantego 35"]
[Date "1899-12-30"]
[Round "9.4"]
[White "Posuniak, Weronika"]
[Black "Kozubal, Aleksandra"]
[Result "1-0"]
[WhiteTitle "I++"]
[BlackTitle "I++"]
[WhiteElo "1642"]
[BlackElo "1633"]

1. d4 d5 2. c4 c6 3. Nc3 Nf6 4. cxd5 cxd5 5. Bf4 Nc6 6. e3 a6 7. Bd3 g6 8. h3 Bg7
9. Nf3 O-O 10. O-O Nh5 11. Bh2 f5 12. Qb3 Nf6 13. Ne5 Kh8 14. Na4 Na5 15. Qb4
b5 16. Nc5 Ne4 17. Bxe4 fxe4 18. a4 Nc4 19. axb5 Nxe5 20. dxe5 a5 21. Qa3 Qc7
22. Rfc1 Qb8 23. b4 Bxe5 24. Bxe5+ Qxe5 25. bxa5 Qg5 26. Qb2+ Kg8 27. Kh1 Qh4
28. Qe5 Rf5 29. Qg3 Qf6 30. Ra2 Rg5 31. Qh2 Bxh3 32. f4 exf3 33. gxh3 Rf8 34.
Qf4 Rf5 35. Qh2 f2 36. Rf1 Qc3 37. Raxf2 Rxf2 38. Rxf2 Qe1+ 39. Qg1 Qxf2 40. Qxf2
Rxf2 41. b6 Rb2 42. b7 Rb5 43. a6 Rxc5 44. b8=Q+ Kf7 45. a7 Ra5 46. a8=Q Rxa8
47. Qxa8 1-0

[Event "Mistrzostwa Polski Juniorow w Szachach Szybkich Grupa D16"]
[Site "Hala Widowiskowo-Sportowa Spodek w Katowicach, Aleja Wojciecha Korfantego 35"]
[Date "1899-12-30"]
[Round "9.5"]
[White "Pluta, Natalia"]
[Black "Dmochowska, Agnieszka"]
[Result "1/2-1/2"]
[WhiteTitle "I"]
[BlackTitle "WCM"]
[WhiteElo "1516"]
[BlackElo "1964"]

1. c4 e5 2. Nc3 Nf6 3. g3 d5 4. cxd5 Nxd5 5. Bg2 Nb6 6. d3 Nc6 7. Nf3 Be7 8. O-O
O-O 9. Be3 Re8 10. Na4 Bf8 11. Nc5 Nd5 12. Qc1 Nxe3 13. Qxe3 Nd4 14. Nxd4 exd4
15. Qc1 c6 16. Re1 Bxc5 17. Qxc5 Bg4 18. Bf1 Qd7 19. e3 dxe3 20. fxe3 b6 21. Qg5
h6 22. Qf4 Rad8 23. Bg2 c5 24. b4 h5 25. bxc5 bxc5 26. Rac1 Qxd3 27. Rxc5 Qd2
28. Qf2 Qxf2+ 29. Kxf2 Rd2+ 30. Kg1 Rxa2 31. h3 Be6 32. Rxh5 a5 33. Bd5 Ra3 34.
Re5 Bd7 35. Rxe8+ Bxe8 36. Kf2 Bd7 37. g4 Rd3 38. Be4 Rd2+ 39. Kf3 a4 40. Ra1
g6 41. h4 Kg7 42. Kf4 f5 43. gxf5 gxf5 44. Bf3 Rf2 45. Kg3 Rb2 46. Bd1 Rb4 47.
Ra3 Kf6 48. h5 Kg5 49. Rd3 Be8 50. Rd6 Bxh5 51. Bxh5 Kxh5 52. Ra6 Kg5 53. Ra8
Kf6 54. Ra5 Ke6 55. Kf3 Re4 56. Ra6+ Ke5 57. Ra5+ Kf6 58. Ra6+ Kg5 59. Ra8 Rh4
60. Rg8+ Kf6 61. Ra8 Rh3+ 62. Kf2 Rh2+ 63. Kg3 Ra2 64. Kf4 a3 65. Ra6+ Ke7 66.
Kxf5 1/2-1/2

[Event "Mistrzostwa Polski Juniorow w Szachach Szybkich Grupa D16"]
[Site "Hala Widowiskowo-Sportowa Spodek w Katowicach, Aleja Wojciecha Korfantego 35"]
[Date "1899-12-30"]
[Round "10.1"]
[White "Cieslak, Wiktoria"]
[Black "Kubicka, Anna"]
[Result "0-1"]
[WhiteTitle "k"]
[BlackTitle "m"]
[WhiteElo "1693"]
[BlackElo "1886"]

1. e4 d6 2. d4 Nf6 3. Nc3 Nbd7 4. Nf3 e5 5. Bc4 Be7 6. O-O O-O 7. Re1 c6 8. a4
b6 9. d5 c5 10. h3 Kh8 11. Nh4 g6 12. Bh6 Re8 13. g3 Ng8 14. Qd2 Nxh6 15. Nf3
Ng8 16. Bb5 a6 17. Bc6 Ra7 18. Nd1 Rf8 19. a5 b5 20. b4 c4 21. Qe3 Rc7 22. Nc3
Nb8 23. Nxb5 Rxc6 24. dxc6 axb5 25. Qc3 Na6 26. Red1 Qc7 27. Rd5 Qxc6 28. Rad1
Bxh3 29. Nxe5 dxe5 30. Qxe5+ f6 31. Qf4 Nxb4 32. R5d2 c3 33. Re2 g5 34. Qe3 Nh6
35. f3 Bc5 36. Rd4 Bxd4 37. Qxd4 Qc4 38. Qd6 Kg7 39. Rf2 Nf7 40. Qb6 h5 41. Kh2
Bd7 42. a6 Qe6 43. Qc5 Qh3+ 44. Kg1 Qxg3+ 45. Kf1 Bh3+ 46. Ke2 Nxa6 47. Qxc3 Rc8
48. Qd3 Nb4 49. Qxb5 Rxc2+ 50. Kd1 Qxf2 51. Qxb4 Qe2# 0-1